00252 a2200109 4500001000700000020001500007040003500022100002300057240002900080245002400109362000900133156836 a8516053687 cEscola São Tomás de Aquino aMACHADO, Ana Maria10aSeverino faz choverlpor10aSeverino faz chover0 a2006